=LDR 00000nam 2200000 4500 =001 INLIS000000000015440 =005 20130612110723 =008 ***********************************Indo** =035 ##$$0010-061300000015440 =041 ##$$a Indo =082 ##$$a F.Rom K =090 ##$$a F.Rom K, Rag =100 ##$$a Ragil ch Dinar =245 ##$$a Melintasi Fajar Baru, Dinar Ragil ch =260 ##$$a 1984 $b Bandung =300 ##$$a 95 hlm, ilus, 20 cm =650 ##$$a Fiksi Kanak-Kanak-Indonesia =850 ##$$a NBPNMAT